System informacyjny w organizacji gospodarczej Metody badania i ich ocena

Gespeichert in:
Bibliographische Detailangaben
1. Verfasser: Gros, Urszula
Format: Buch
Sprache:Polnisch
Veröffentlicht: Warszawa Wyd. Ekon. 1989
Ausgabe:1. wyd.
Tags: Tag hinzufügen
Keine Tags, Fügen Sie das erste Tag hinzu!

MARC

LEADER 00000nam a2200000 4500
001 c033488
005 20221215130405.5
041 0 |a pol 
044 |a PL 
245 1 0 |a System informacyjny w organizacji gospodarczej  |b Metody badania i ich ocena  |c Urszula Gros 
250 |a 1. wyd. 
264 1 |a Warszawa  |b Wyd. Ekon.  |c 1989 
300 |a 151 s. 
100 1 |a Gros, Urszula